[Event "COL-ch U20 Girls"]
[Site "Cali"]
[Date "2024.02.28"]
[Round "1"]
[White "Soto Ospina, Ana Maria"]
[Black "Remolina Garcia, Mayra Xiomara"]
[Result "0-1"]
[WhiteElo "1200"]
[BlackElo "1660"]
[PlyCount "94"]
[EventDate "2024.02.28"]
[EventType "swiss"]
[EventRounds "9"]
[EventCountry "COL"]
[SourceTitle "CB11_2024"]
[SourceDate "2024.03.13"]
[SourceVersion "1"]
[SourceVersionDate "2024.03.13"]
[SourceQuality "1"]

1. e4 c5 2. Nf3 Nc6 3. d4 cxd4 4. Nxd4 Nf6 5. Nc3 e5 6. Ndb5 d6 7. Bg5 a6 8. Na3 Be7 9. Bxf6 Bxf6 10. Nc4 Be7 11. Nd5 Bf8 12. Be2 Be6 13. Nce3 Rc8 14. 0-0 g6 15. Qd2 Bh6 16. Qd3 0-0 17. Rad1 Bg7 18. Bg4 Re8 19. Bxe6 Rxe6 20. Qe2 Bh6 21. Ng4 Bg7 22. c3 Qh4 23. Qf3 h5 24. Nge3 Rd8 25. Rfe1 Rb8 26. Qg3 Qxe4 27. Nc7 Rbe8 28. Nxe8 Rxe8 29. Rxd6 Qa4 30. Rd7 Na5 31. Rdd1 Qb5 32. b3 e4 33. c4 Qb4 34. Qd6 Qc3 35. Nd5 Qb2 36. Qb6 Qxa2 37. Nf6+ Bxf6 38. Qxf6 Nxb3 39. Rd7 Rf8 40. Rxb7 a5 41. Qb6 a4 42. c5 Qd2 43. Qb4 Qxb4 44. Rxb4 Nxc5 45. Rc1 Nd3 46. Rcc4 Nxb4 47. Rxb4 Ra8 0-1

[Event "COL-ch U10 Girls"]
[Site "Fusagasuga"]
[Date "2019.06.28"]
[Round "5"]
[White "Campos Perilla, Ximena Estefania"]
[Black "Soto Ospina, Ana Maria"]
[Result "1-0"]
[WhiteElo "1210"]
[BlackElo "1501"]
[PlyCount "93"]
[EventDate "2019.06.26"]
[EventType "tourn"]
[EventRounds "9"]
[EventCountry "COL"]
[SourceTitle "CBM 191 Extra"]
[Source "ChessBase"]
[SourceDate "2019.09.30"]
[SourceVersion "1"]
[SourceVersionDate "2019.09.30"]
[SourceQuality "1"]

1. e4 e5 2. d4 exd4 3. Qxd4 Nc6 4. Qe3 Nb4 5. Qb3 Nf6 6. Bc4 d5 7. exd5 Nbxd5 8. Bg5 Be7 9. Nc3 0-0 10. 0-0-0 Be6 11. Bxf6 Bxf6 12. Nxd5 Bg5+ 13. Kb1 c6 14. Ne3 Qf6 15. Nf3 Bxc4 16. Qxc4 Bh6 17. Ng4 Qg6 18. Nxh6+ Qxh6 19. Qh4 Qe6 20. Rhe1 Rad8 21. Ng5 Qf5 22. g4 Qg6 23. Rxd8 Rxd8 24. f4 h6 25. Nf3 Qd6 26. b3 b5 27. g5 h5 28. Qxh5 a5 29. Ne5 g6 30. Qh6 a4 31. bxa4 bxa4 32. f5 Rb8+ 33. Kc1 Qa3+ 34. Kd1 Qd6+ 35. Nd3 Rb1+ 36. Kd2 Rxe1 37. Kxe1 Qe7+ 38. Kd2 gxf5 39. Qf6 Qxf6 40. gxf6 Kh7 41. Kc3 Kg6 42. Kb4 Kxf6 43. Kxa4 Kg5 44. Kb4 Kg4 45. a4 c5+ 46. Kxc5 f4 47. a5 1-0